| 000 | 01101nam a2200217 a 4500 | ||
|---|---|---|---|
| 001 | 000005079 | ||
| 005 | 20200929151556.0 | ||
| 008 | 090729s1991 dr r 001 0 spa d | ||
| 040 |
_aDO-SdBNP _bspa _cBNPHU |
||
| 082 |
_aR341.2427 _bP964c, 1991 |
||
| 110 | 1 |
_aPrograma de Cooperación Empresarial Dominico-Alemán (PROCEDA) _914590 |
|
| 245 | 1 | 0 | _aPrincipales asociaciones empresariales en el Distrito Nacional e instituciones que apoyan el desarrollo. |
| 250 | _a2ª ed. actualizada y rev. | ||
| 260 |
_aSanto Domingo : _bBúho, _c1991. |
||
| 300 |
_a135 p. ; _c21 cm. |
||
| 505 | 0 |
_gPrefacio -- _tAsociación de micropequeños y medianos empresarios -- _tAsociación de grandes empresarios -- _tAsociación de promoción de imversiones -- _tAsociaciones empresariales ligadas al comercio exterior -- _tAsociación de diferentes áreas industriales -- _tInstituciones que apoyan al sector empresarial. |
|
| 590 | _aInventariado, 2018/BT | ||
| 650 | 4 |
_aAsociaciones empresariales _xGuías _914591 |
|
| 650 | 4 |
_aCooperación intergubernamental _xGuías _914592 |
|
| 910 | _aValidado. Control de calidad. EMS | ||
| 999 |
_c4883 _d4883 |
||